000169070 001__ 169070
000169070 005__ 20260218114259.0
000169070 037__ $$aCALTITU_PLANMEJORA-2025-7114
000169070 041__ $$aspa
000169070 24500 $$97114$$aPlan Anual de Innovación y Mejora del
Programa de Doctorado en Salud Global: Determinantes e Interacción de la Salud Humana, Animal y Ambiental (curso 2024-2025)
000169070 260__ $$aZaragoza$$bUniversidad de Zaragoza$$c2024-2025
000169070 521__ $$97114$$aPrograma de Doctorado en Salud Global: Determinantes e Interacción de la Salud Humana, Animal y Ambiental
000169070 540__ $$aby-nc-sa$$bCreative Commons$$c3.0$$uhttp://creativecommons.org/licenses/by-nc-sa/3.0/
000169070 710__ $$aUniversidad de Zaragoza
000169070 830__ $$9643
000169070 8564_ $$s43583$$uhttps://zaguan.unizar.es/record/169070/files/plan-es-7114-v2.pdf$$yPlan Anual de Innovación y Mejora
000169070 970__ $$aCALTITU_PLANMEJORA-2025-7114
000169070 980__ $$aCALTITU_PLANMEJORA$$bCiencias de la Salud$$c160